| 000 | 00000nas 2200000zi 4500 |
| 001 | 9.503059 |
| 003 | CaOODSP |
| 005 | 20250611103456 |
| 006 | m go d f |
| 007 | cr ||||||||||| |
| 008 | 150406d20092017oncar p o f0 b0fre|d |
| 022 | |a1923-6891 |
| 040 | |aCaOODSP|bfre|erda|cCaOODSP |
| 043 | |an-cn--- |
| 086 | 1 |aA71-25F-PDF |
| 245 | 00|aAperçu de l'industrie laitière canadienne. |
| 264 | 1|aOttawa (Ontario) : |bAgriculture et agroalimentaire Canada = Agriculture and Agri-food Canada, |c[2009]-2017. |
| 310 | |aAnnuel |
| 336 | |atexte|btxt|2rdacontent/fre |
| 337 | |ainformatique|bc|2rdamedia/fre |
| 338 | |aressource en ligne|bcr|2rdacarrier/fre |
| 362 | 1 |aParaît depuis [2009]; ne paraît plus après 2017. |
| 500 | |aPublié aussi en anglais sous le titre : Canada's dairy industry at a glance. |
| 500 | |aTitre de départ. |
| 692 | 07|2gccst|aIndustrie laitière |
| 710 | 1 |aCanada. |bAgriculture et agroalimentaire Canada. |
| 775 | 08|tLa industria lechera canadiense en pocas palabras |w(CaOODSP)9.500578 |
| 775 | 08|t[Aperçu de l'industrie laitière canadienne] |w(CaOODSP)9.500582 |
| 775 | 08|tCanada's dairy industry at a glance. |w(CaOODSP)9.506636 |
| 775 | 08|t[Aperçu de l'industrie laitière canadienne] |w(CaOODSP)9.500580 |